| 000 | 01353cam a22003735a 4500 | ||
|---|---|---|---|
| 001 | 248519 | ||
| 003 | EG-ScBUE | ||
| 005 | 20250716093727.0 | ||
| 008 | 990701t1999 njua f b 001 0 eng d | ||
| 020 | _a0139777458 | ||
| 020 | _a9780139777455 | ||
| 040 |
_aDLC _beng _erda _cDLC _dDLC _dEG-ScBUE |
||
| 082 | 0 | 4 |
_a541.363 _222 _bPRA |
| 100 | 1 |
_aPrausnitz, J. M., _eauthor. _938771 |
|
| 245 | 1 | 0 |
_aMolecular thermodynamics of fluid-phase equilibria / _cJohn M. Prausnitz, Rudiger N. Lichtenthaler, Edmundo Gomes de Azevedo. |
| 250 | _aThird edition. | ||
| 264 | 1 |
_aUpper Saddle River, New Jersey : _bPrentice Hall, _c[1999] |
|
| 264 | 4 | _cc1999 | |
| 300 |
_axxiii, 860 pages : _billustrations ; _c25 cm. |
||
| 336 |
_2rdacontent _atext _btxt |
||
| 337 |
_aunmediated _2rdamedia _bn |
||
| 338 |
_avolume _bnc _2rdacarrier |
||
| 490 | 0 | _aPrentice-Hall international series in the physical and chemical engineering sciences | |
| 504 | _aIncludes bibliographical references and index. | ||
| 650 | 7 |
_aThermodynamics. _2BUEsh _91919 |
|
| 650 | 7 |
_aMolecular dynamics. _2BUEsh |
|
| 650 | 7 |
_aLiquid-liquid equilibrium. _2BUEsh |
|
| 651 | _2BUEsh | ||
| 653 |
_bENGGEN _cNovember2015 |
||
| 655 |
_vReading book _934232 |
||
| 700 | 1 |
_aLichtenthaler, Ruediger N., _d1941- _eauthor. |
|
| 700 | 1 |
_aAzevedo, Edmundo Gomes de, _d1949- _eauthor. |
|
| 942 |
_2ddc _cBB |
||
| 999 |
_c21061 _d21033 |
||